| 000 | 01186nam a22003257a 4500 | ||
|---|---|---|---|
| 001 | BR7906114 | ||
| 003 | BR-BrBNA | ||
| 005 | 20230928090124.0 | ||
| 007 | ta | ||
| 008 | 230509b bl.||||| |||| 00| 0 por d | ||
| 040 |
_aBR-BrBNA _bpor _cBiblioteca Nacional de Agricultura |
||
| 041 | _a(Por) | ||
| 072 |
_aF30; F60; F25 _b1410 _b/G514 |
||
| 090 | _ 1410 BR7906114 | ||
| 110 | 1 |
_aInstituto de Pesquisas Agronomicas, Porto Alegre, RS (Brasil) _96134 |
|
| 111 | 1 |
_a15. Reuniao Tecnica do Feijao _cPorto Alegre, RS (Brazil) _d20 Nov 1979 |
|
| 245 | 1 | _aAta da 15. Reuniao Tecnica do Feijao [Phaseolus vulgaris; Melhoramento genetico vegetal; Fisiologia Vegetal; Consorciacao de cultura; Fertilizante; Umidade do solo; Doenca de planta; Praga de planta; Comercializacao; Rio Grande do Sul; Brasil] | |
| 260 | 3 |
_aPorto Alegre, RS (Brasil): _c1979. |
|
| 300 | _a67 p. | ||
| 650 | _aMelhoramento genetico vegetal | ||
| 650 | _aFisiologia vegetal | ||
| 650 | _aFertilidade do solo | ||
| 650 | _aFeijao | ||
| 650 | _aVariedade | ||
| 650 | _aDoenca de planta | ||
| 650 | _aPraga de planta | ||
| 650 | _aRio Grande do Sul | ||
| 909 |
_a202309 _bLucia _c55 _dLucia Elande |
||
| 942 | _cBK | ||
| 999 |
_c27891 _d27891 |
||